000 00512nam a2200193Ia 4500
003 OSt
005 20240930141420.0
008 210210b1975 xxu||||| |||| 00| 0 eng d
040 _cAL
041 _aHindi
082 _aH891.2 THAC
100 _aTHAKUR (Ravindrnath).
_dरवीन्द्रनाथ ठाकुर
_9180829
245 _aCharulata.
_bचारुलता
260 _aDilli
_bShabkar
_c1975
300 _a88
690 _aHindi Drama
_9180830
906 _aSG00817
942 _2ddc
_cBK
999 _c112089
_d112089